01769cas a2200349 450000100090000000300060000900500170001500700030003200800410003501000310007602200170010703500240012403700100014804000830015804200140024105000150025511000690027021000310033922200400037024500410041026000680045130000220051931000380054132100290057936200160060844000550062450000650067950005650074465000270130965000410133670000420137710545037AUA.120130529103007.0t|850720c19639999miufr p 0 a0eng c a 74645601 zsc 76000812  a0003-298021 a(OCoLC)ocm01780045  b49104 aMnMULScMnMULSdMBTIdNSDPdDLCdOCoLCdAIPdNSDPdAIPdOCoLCdDLCdTNJdOCoLC ansdpapcc00aBR1b.A53a2 aAndrews University.bSeventh-Day Adventist Theological Seminary.0 aAndrews Univ. Semin. stud. 0aAndrews University Seminary studies10aAndrews University Seminary studies. aBerrien Springs, Mich.,bAndrews University Press.cAutumn 2005 bill.c23 cm.av.: a2 issues yearly,b aFrequency varies,b1963-0 aAutumn 2005 aAndrews University Seminary studies.vVol.43, No.2 a"Journal of the Seventh-Day Adventist Theological Seminary." aArticles: Madaba plains project; Lintel inscription: Tall Hisban, Field M, Square 5, 2001; The theme of apocalyptic war in the dead sea scrolls; The mark of the beast as a "sign commandment" and " anti-sabbath" in the worship crisis of Revelation 12-14; Word frequencies in the book of Revelation; Structural models for world mission in the twenty-first century: An adventist perspective; Creating unity ina multicultural christian organization: Is the seventh-day adventist church effectively meeting its goal of scriptural unity? Dissertation and abstracts;  0aTheologyvPeriodicals. 0aTheological seminariesxPeriodicals. aJerry Moon and John W. ReeveeEditors